| 000 | 00490nam a2200193 i 4500 | ||
|---|---|---|---|
| 001 | bgj | ||
| 245 | 1 | 0 |
_aMaterialien zur Trivialliteratur : _bTextheft / _chrsg. von Günter Jahn. |
| 260 |
_aDortmund : _bCrüwell-Konkordia, _c1972. |
||
| 300 |
_a40 s. _c22 cm. |
||
| 504 | _aBibliogr. s. 39-40. | ||
| 650 | 9 | _aLiteratura | |
| 700 | 1 | _aJAHN, Günther. | |
| 040 | _cBPK | ||
| 041 | 0 | _ager | |
| 044 | _aDEU | ||
| 080 | _a82 | ||
| 942 | _cKS | ||
| 008 | s gw f |000 0 ger | ||
| 999 |
_c49961 _d49961 |
||
| 856 |
_uhttp://koha.tu.koszalin.pl/cgi-bin/koha/opac-detail.pl?biblionumber=49961 _yKatalog online BPK |
||